[Event "ICS rated blitz match"]
[Site "204.178.125.65"]
[Date "2000.09.15"]
[Round "?"]
[White "PostModernist"]
[Black "Hossa"]
[Result "1-0"]
[WhiteElo "2659"]
[BlackElo "2508"]
[PlyCount "123"]
[EventDate "2000.??.??"]

1. e4 e5 2. Bc4 Nf6 3. d3 c6 4. Nf3 d5 5. Bb3 Bd6 6. Nc3 dxe4 7. Nxe4 Nxe4 8.
dxe4 O-O 9. Bg5 Qc7 10. Qd2 Bc5 11. O-O-O Nd7 12. Qc3 b6 13. Bh4 a5 14. Bg3 Re8
15. Ng5 Re7 16. Qf3 Nf6 17. Qd3 Ba6 18. Qf3 Bb5 19. a4 Ba6 20. Bh4 Rd8 21.
Bxf7+ Rxf7 22. Ne6 Rxd1+ 23. Rxd1 Qa7 24. Rd8+ Rf8 25. Bxf6 Rxd8 26. Bxd8 Qf7
27. Qxf7+ Kxf7 28. Nxc5 bxc5 29. Kd2 Bf1 30. g3 g5 31. Bxg5 Bg2 32. Ke3 Bh3 33.
Bd8 Bg4 34. f4 Bd1 35. Kd3 c4+ 36. Kd2 Bf3 37. Bxa5 exf4 38. gxf4 Bxe4 39. Bc7
c5 40. Bb6 Bc6 41. a5 Ke6 42. Bxc5 Kd5 43. Bf2 Ke4 44. Bg3 Kd4 45. a6 Kc5 46.
a7 h5 47. f5 h4 48. Bxh4 Kd6 49. Kc3 Kd5 50. f6 Ke6 51. Kxc4 Be4 52. Kc5 Kf7
53. Kd6 Bb7 54. c4 Ba8 55. c5 Kf8 56. Ke6 Bf3 57. f7 Kg7 58. Bf6+ Kg6 59. f8=Q
Bd5+ 60. Ke5 Kh5 61. Qg7 Bg8 62. Qg5# {Hossa checkmated} 1-0

[Event "ICS rated blitz match"]
[Site "204.178.125.65"]
[Date "2000.09.15"]
[Round "?"]
[White "Knightfreak"]
[Black "Hossa"]
[Result "0-1"]
[WhiteElo "2257"]
[BlackElo "2499"]
[PlyCount "52"]
[EventDate "2000.??.??"]

1. e4 c6 2. d4 d5 3. Nc3 dxe4 4. Nxe4 Nd7 5. Ng5 Nb6 6. N1f3 h6 7. Nxf7 Kxf7 8.
Ne5+ Kf6 9. Qf3+ Bf5 10. g4 e6 11. gxf5 exf5 12. Bd3 Ne7 13. h4 Qxd4 14. Bf4
Qb4+ 15. c3 Qxb2 16. O-O Qxc3 17. Rac1 Qa5 18. Rfe1 Qxa2 19. Bg5+ hxg5 20.
hxg5+ Kxg5 21. Qg3+ Kf6 22. Nf3 Rh5 23. Qd6+ Kf7 24. Ne5+ Kg8 25. Nd7 Qd5 26.
Qxd5+ Nexd5 {Knightfreak resigns} 0-1

[Event "ICS rated blitz match"]
[Site "204.178.125.65"]
[Date "2000.09.15"]
[Round "?"]
[White "Hossa"]
[Black "Powerslave"]
[Result "0-1"]
[WhiteElo "2505"]
[BlackElo "2813"]
[PlyCount "112"]
[EventDate "2000.??.??"]

1. d4 g6 2. c4 Bg7 3. g3 Nf6 4. Bg2 O-O 5. Nc3 d6 6. Nf3 Nbd7 7. O-O e5 8. dxe5
dxe5 9. Qc2 c6 10. Rd1 Qe7 11. e4 Nc5 12. b4 Ne6 13. Nxe5 Qxb4 14. Ne2 Qe7 15.
Bb2 Nc5 16. f3 Nfxe4 17. Nxc6 bxc6 18. Bxg7 Nxg3 19. Nxg3 Qe3+ 20. Qf2 Qxf2+
21. Kxf2 Kxg7 22. Rd6 Be6 23. Rxc6 Nd3+ 24. Kg1 Rfc8 25. Rxc8 Rxc8 26. Bf1 Ne5
27. Be2 Nxc4 28. Ne4 Nb6 29. Bd1 f5 30. Nd6 Rd8 31. Nb5 Kf6 32. Bb3 Rd7 33.
Bxe6 Kxe6 34. Rc1 Ke5 35. Rc7 Rxc7 36. Nxc7 a5 37. Kf2 Kd4 38. Nb5+ Kc4 39. Nc7
Kc3 40. Ke2 a4 41. Ne6 Kb2 42. Kd3 Kxa2 43. Kc2 Nc4 44. Kc3 Kb1 45. Kxc4 a3 46.
Nd4 Kb2 47. h4 a2 48. Nb3 f4 49. Kb4 h6 50. Kc4 g5 51. h5 g4 52. fxg4 f3 53.
Nc5 Kc2 54. Ne4 a1=Q 55. Kd5 Kd3 56. Nf2+ Ke3 {Hossa resigns} 0-1

[Event "ICS rated blitz match"]
[Site "204.178.125.65"]
[Date "2000.09.15"]
[Round "?"]
[White "Powerslave"]
[Black "Hossa"]
[Result "1-0"]
[WhiteElo "2818"]
[BlackElo "2500"]
[PlyCount "161"]
[EventDate "2000.??.??"]

1. d4 d5 2. Bg5 h6 3. Bh4 c6 4. e3 Qb6 5. Qc1 e5 6. c3 Nd7 7. Bg3 Ngf6 8. dxe5
Ne4 9. Nf3 Nxg3 10. hxg3 Qc7 11. e6 fxe6 12. Qc2 Nf6 13. Bd3 e5 14. Bg6+ Kd8
15. c4 e4 16. Nd4 Bg4 17. cxd5 cxd5 18. Qxc7+ Kxc7 19. Nc3 Rc8 20. f3 Bd7 21.
fxe4 dxe4 22. O-O Bb4 23. Rxf6 Bxc3 24. Rf7 Bxd4 25. exd4 e3 26. Re1 Rcf8 27.
Rf3 Be8 28. Bc2 Bc6 29. Rfxe3 Rd8 30. Re7+ Kb6 31. Rd1 Rhe8 32. Rxe8 Rxe8 33.
d5 Bd7 34. Kf2 Bg4 35. Rd2 Kc5 36. d6 Kc6 37. a3 h5 38. b4 b5 39. Bg6 Rd8 40.
Be4+ Kd7 41. Rd5 a6 42. Rg5 Kxd6 43. Rxg7 Rc8 44. Rg6+ Ke5 45. Bb7 Rc2+ 46. Kg1
Rc1+ 47. Kh2 Rc3 48. Rxa6 Bd7 49. Bf3 Bg4 50. Bc6 Re3 51. Bxb5 Kd4 52. Bc6 Re6
53. a4 Re1 54. a5 Rb1 55. Rb6 Rb2 56. a6 Ra2 57. b5 Ra1 58. Rb7 Bc8 59. Bd7
Bxd7 60. Rxd7+ Kc5 61. Rb7 Ra4 62. a7 Ra3 63. b6 Kb5 64. Kh3 Ra1 65. g4 hxg4+
66. Kxg4 Ra4+ 67. Kg5 Ra2 68. Kh6 Ra6 69. Rb8 Ra4 70. g4 Rxg4 71. b7 Rg1 72.
Rc8 Rh1+ 73. Kg5 Rg1+ 74. Kh4 Rh1+ 75. Kg3 Rg1+ 76. Kh2 Rg6 77. b8=Q+ Rb6 78.
Qe5+ Ka4 79. a8=Q+ Ra6 80. Qxa6+ Kb4 81. Qc3# {Hossa checkmated} 1-0

[Event "ICS rated blitz match"]
[Site "204.178.125.65"]
[Date "2000.09.15"]
[Round "?"]
[White "Hossa"]
[Black "Powerslave"]
[Result "0-1"]
[WhiteElo "2496"]
[BlackElo "2822"]
[PlyCount "70"]
[EventDate "2000.??.??"]

1. d4 f5 2. Nc3 d5 3. Bg5 Nf6 4. e3 c6 5. Nf3 e6 6. Bd3 Be7 7. O-O O-O 8. Bf4
Ne4 9. Ne2 g5 10. Bxb8 Rxb8 11. c4 Bf6 12. Qa4 Ra8 13. Qc2 g4 14. Nd2 e5 15.
cxd5 cxd5 16. Rfc1 Be6 17. dxe5 Bxe5 18. Nd4 Bxh2+ 19. Kf1 Qd6 20. N2b3 Bd7 21.
Na5 Rab8 22. Nab3 f4 23. Bxe4 dxe4 24. Nc5 fxe3 25. Qb3+ Rf7 26. Nxd7 Qxd4 27.
Nxb8 Qd3+ 28. Qxd3 Rxf2+ 29. Ke1 exd3 30. Rc8+ Kg7 31. Rd8 Bg3 32. Rd7+ Kg6 33.
Rxd3 Rd2+ 34. Kf1 e2+ 35. Kg1 Rxd3 {Hossa resigns} 0-1

[Event "ICS rated blitz match"]
[Site "204.178.125.65"]
[Date "2000.09.15"]
[Round "?"]
[White "Powerslave"]
[Black "Hossa"]
[Result "1-0"]
[WhiteElo "2826"]
[BlackElo "2492"]
[PlyCount "63"]
[EventDate "2000.??.??"]

1. e4 e5 2. Nf3 Nc6 3. Bc4 Bc5 4. c3 Nf6 5. d3 d6 6. O-O O-O 7. Bb3 a6 8. h3
Be6 9. Nbd2 Qe7 10. Bxe6 fxe6 11. b4 Ba7 12. a4 Nh5 13. Nb3 Ng3 14. Re1 Qf7 15.
b5 Ne7 16. d4 exd4 17. bxa6 dxc3 18. axb7 Rab8 19. Be3 Bxe3 20. Rxe3 Nxe4 21.
Rxe4 Rxb7 22. Nbd4 e5 23. Nb5 Nd5 24. Rc1 Rb6 25. Nxc3 Nxc3 26. Rxc3 Rb7 27.
Qd3 Rfb8 28. Ng5 Rb1+ 29. Kh2 Qxf2 30. Qc4+ Kh8 31. Nf7+ Kg8 32. Nxe5+ {
Hossa resigns} 1-0

[Event "ICS rated blitz match"]
[Site "204.178.125.65"]
[Date "2000.09.15"]
[Round "?"]
[White "Hossa"]
[Black "Powerslave"]
[Result "0-1"]
[WhiteElo "2488"]
[BlackElo "2830"]
[PlyCount "104"]
[EventDate "2000.??.??"]

1. e4 e5 2. Nf3 Nf6 3. Nxe5 d6 4. Nf3 Nxe4 5. d4 Be7 6. Bd3 d5 7. O-O Nc6 8.
Re1 Bf5 9. Nc3 Nxc3 10. bxc3 Bxd3 11. cxd3 O-O 12. Rb1 b6 13. Qa4 Qd6 14. Rb2
h6 15. Rbe2 a5 16. Qb5 Rfd8 17. a4 Qf6 18. Ne5 Nxe5 19. Rxe5 Bd6 20. Re8+ Kh7
21. R8e2 c6 22. Qb3 Rdb8 23. Re3 b5 24. Qa2 b4 25. Rf3 Qh4 26. Rh3 Qg4 27. cxb4
axb4 28. Qb3 Qxd4 29. Bb2 Re8 30. Rc1 Qf4 31. Qc2 d4 32. Kh1 b3 33. Qb1 Rxa4
34. Rf1 Re2 35. Kg1 Qd2 36. Bc1 Qa2 37. Bxh6 gxh6 38. Qc1 Qd2 39. Qxd2 Rxd2 40.
Rf3 Kg7 41. g4 b2 42. g5 Ra1 43. gxh6+ Kxh6 44. Rf6+ Kg7 45. Rxd6 Rxf1+ 46.
Kxf1 b1=Q+ 47. Kg2 Qe1 48. Kh3 Rxf2 49. Rxd4 Qe3+ 50. Kh4 Rxh2+ 51. Kg4 Rg2+
52. Kh5 Qh6# {Hossa checkmated} 0-1

[Event "ICS rated blitz match"]
[Site "204.178.125.65"]
[Date "2000.09.15"]
[Round "?"]
[White "Powerslave"]
[Black "Hossa"]
[Result "1-0"]
[WhiteElo "2834"]
[BlackElo "2484"]
[PlyCount "97"]
[EventDate "2000.??.??"]

1. c4 e5 2. g3 Nc6 3. Nc3 f5 4. Bg2 Nf6 5. e3 e4 6. d3 Bb4 7. Nge2 Ne5 8. dxe4
fxe4 9. O-O Nf3+ 10. Kh1 Ng4 11. h3 Ngh2 12. Bxf3 exf3 13. Kxh2 fxe2 14. Nxe2
Qf6 15. Qd4 O-O 16. Qxf6 Rxf6 17. Nf4 Bd6 18. Bd2 b6 19. e4 Bb7 20. Bc3 Rh6 21.
e5 Bf8 22. Nd5 Rc8 23. Rad1 Bc6 24. f4 Ba4 25. b3 Bc6 26. f5 Bc5 27. Bd2 Re8
28. Bxh6 Rxe5 29. Bf4 Re2+ 30. Kh1 Rxa2 31. Bxc7 b5 32. f6 gxf6 33. Rxf6 bxc4
34. bxc4 Re2 35. Rf4 Kh8 36. Rdf1 a6 37. Bd8 Be7 38. Bb6 Kg7 39. Rg4+ Kh6 40.
Bd4 Bg5 41. Rf5 Re1+ 42. Kg2 Re2+ 43. Kf1 Rd2 44. Bg7+ Kxg7 45. Rgxg5+ Kh6 46.
h4 Rd1+ 47. Ke2 Rf1 48. Kxf1 Bxd5 49. Rf6# {Hossa checkmated} 1-0

[Event "ICS rated blitz match"]
[Site "204.178.125.65"]
[Date "2000.09.15"]
[Round "?"]
[White "Hossa"]
[Black "Powerslave"]
[Result "1/2-1/2"]
[WhiteElo "2480"]
[BlackElo "2838"]
[Annotator "Fritz 6 (30s)"]
[PlyCount "138"]
[EventDate "2000.??.??"]

1. e4 {C47: Schottisches Vierspringerspiel} 1... e5 2. Nf3 Nc6 3. Nc3 Nf6 4.
Nxe5 Nxe5 5. d4 Nc6 6. d5 Ne5 7. f4 Ng6 8. e5 Ng8 9. d6 c6 10. g3 Qa5 11. Bd3
b6 12. Bd2 Qc5 13. Qf3 f6 14. Nb5 Kd8 15. O-O-O Qd5 16. Qxd5 cxd5 17. Nc7 Rb8
18. Bc3 Bb7 19. Rhe1 fxe5 20. fxe5 Nh6 21. Bd4 Nf7 22. Nb5 Ng5 23. Nxa7 Ba8 24.
Re2 Ne6 25. Bf5 Nxd4 26. Rxd4 Nxe5 27. Rxe5 g6 28. Bh3 Bxd6 29. Re1 b5 30. b4
Rf8 31. Bf1 Be5 32. Rxe5 Rxf1+ 33. Kb2 Kc7 34. Rd3 Kb6 35. Ra3 Rf7 36. Re1 d6
37. Nxb5 Kxb5 38. Rc3 Rf2 39. Kb3 Rxh2 40. Re6 Rd8 41. a4+ Ka6 42. Re7 Rh1 43.
b5+ Kb6 44. Kb4 Rb1+ 45. Rb3 Ra1 46. Ra3 Rxa3 47. Kxa3 Rc8 48. Kb3 Rc4 49. Rxh7
Rg4 50. Rd7 Rxg3+ 51. c3 g5 52. Kb4 {Das muss pariert werden} 52... Rg4+ 53.
Kb3 d4 54. c4 {Weiss droht, mit Kb4 kontern} 54... Rg1 55. a5+ Kxa5 {
Ablenkung von a7} 56. Ra7+ {Motiv: Doppelangriff} 56... Kb6 57. Rxa8 Rg3+ 58.
Kb4 Rg2 59. Ra6+ Kc7 60. Rc6+ Kd7 61. c5 Rb2+ 62. Kc4 Rc2+ 63. Kxd4 Rxc5 64.
Rxc5 dxc5+ 65. Kxc5 {Der weisse Koenig wird gefaehrlich} 65... g4 66. Kd4 g3
67. Ke3 Kc7 68. Kf3 Kb6 69. Kxg3 Kxb5 1/2-1/2

[Event "ICS rated blitz match"]
[Site "204.178.125.65"]
[Date "2000.09.15"]
[Round "?"]
[White "Hossa"]
[Black "PostModernist"]
[Result "0-1"]
[WhiteElo "2492"]
[BlackElo "2668"]
[PlyCount "116"]
[EventDate "2000.??.??"]

1. e4 c5 2. Nf3 g6 3. d4 cxd4 4. Nxd4 Nc6 5. c4 Nf6 6. Nxc6 dxc6 7. Qxd8+ Kxd8
8. Nc3 Bg7 9. Bf4 Ke8 10. Be2 Be6 11. O-O Nd7 12. Rfd1 Nb6 13. c5 Bxc3 14. bxc3
Na4 15. Be5 f6 16. Bd4 b6 17. cxb6 axb6 18. Rdc1 Kf7 19. f4 b5 20. Rc2 Rhd8 21.
g4 h6 22. f5 Bd7 23. Be3 g5 24. Rb1 Rab8 25. Rd1 c5 26. c4 b4 27. Rd3 Be8 28.
Kf1 Rdc8 29. Bd2 Bc6 30. Bf3 Nb6 31. Re3 Rd8 32. Re2 Nd7 33. Rc1 Ne5 34. Bh1
Nxg4 35. Be1 Rd3 36. Bg3 Ra8 37. Kg1 h5 38. Bc7 Rda3 39. Rcc2 h4 40. Bb6 b3 41.
axb3 Rxb3 42. Bf3 Rxf3 43. Rc1 Ne5 44. Bc7 Nd3 45. Rb1 Ra4 46. Kg2 g4 47. Rd1
Rxc4 48. Kg1 Bxe4 49. Rxe4 Rxe4 50. Rf1 Rxf1+ 51. Kxf1 c4 52. Kg2 c3 53. h3
Re2+ 54. Kf1 Rf2+ 55. Kg1 c2 56. Bf4 Rxf4 57. hxg4 Rf2 58. g5 c1=Q# {
Hossa checkmated} 0-1

[Event "ICS rated blitz match"]
[Site "204.178.125.65"]
[Date "2000.09.15"]
[Round "?"]
[White "PostModernist"]
[Black "Hossa"]
[Result "1-0"]
[WhiteElo "2677"]
[BlackElo "2483"]
[PlyCount "99"]
[EventDate "2000.??.??"]

1. d4 d5 2. Nf3 Nf6 3. e3 e6 4. Nbd2 Nc6 5. Bd3 Bd6 6. O-O O-O 7. c3 e5 8. dxe5
Nxe5 9. Nxe5 Bxe5 10. Nf3 Bd6 11. Bd2 Ne4 12. Qc2 Nxd2 13. Nxd2 Qh4 14. g3 Qh5
15. c4 dxc4 16. Nxc4 Be7 17. Be4 Rd8 18. Rfd1 Rxd1+ 19. Qxd1 Qh3 20. Qa4 Kf8
21. Qa5 c6 22. Nb6 Bd8 23. Qa3+ Be7 24. Qa4 axb6 25. Qxa8 Bf6 26. Rd1 Kg8 27.
f3 Qe6 28. Kf2 Qh3 29. Qb8 Qxh2+ 30. Ke1 g6 31. Qxc8+ Kg7 32. Qxb7 Qxg3+ 33.
Kd2 Qh2+ 34. Kd3 Qxb2 35. Qxc6 Qa3+ 36. Ke2 Qxa2+ 37. Rd2 Qa6+ 38. Bd3 Qa7 39.
Bc4 Qa3 40. Qxb6 h5 41. Qb7 Be7 42. Rd7 Kf6 43. f4 h4 44. Qd5 Kg7 45. Qe5+ Kg8
46. Rxe7 Qd6 47. Bxf7+ Kf8 48. Qxd6 g5 49. Bg8 Kxg8 50. Qd8# {Hossa checkmated}
1-0

[Event "ICS rated blitz match"]
[Site "204.178.125.65"]
[Date "2000.09.15"]
[Round "?"]
[White "Hossa"]
[Black "PostModernist"]
[Result "0-1"]
[WhiteElo "2475"]
[BlackElo "2685"]
[PlyCount "110"]
[EventDate "2000.??.??"]

1. e4 c5 2. Nc3 Nc6 3. f4 g6 4. Nf3 Bg7 5. Bc4 e6 6. O-O Nge7 7. a3 d6 8. d3
O-O 9. Kh1 d5 10. Ba2 d4 11. Ne2 b5 12. Bd2 Bb7 13. a4 b4 14. Ng5 a6 15. Bxe6
fxe6 16. Nxe6 Qd7 17. Nxc5 Qc8 18. a5 Rb8 19. Be1 Ba8 20. Bh4 Rb5 21. Nb3 Qd7
22. Qd2 Qe6 23. Bg5 Re8 24. Rfe1 Nc8 25. e5 Qd5 26. Bh4 Bh6 27. Bf6 Nxa5 28.
Nexd4 Nxb3 29. Nxb3 Bxf4 30. Qf2 Rb6 31. d4 Rf8 32. Ra5 Rb5 33. Rxa6 Bb7 34.
Ra5 Rxa5 35. Nxa5 Ba8 36. Nb3 Bg5 37. Rg1 Nd6 38. Nc5 Ne8 39. c4 bxc3 40. bxc3
Nxf6 41. exf6 Rxf6 42. Qe2 Bc6 43. Rb1 Bh4 44. Rb8+ Kf7 45. Rb1 Rf2 46. Qg4 h5
47. c4 Qxc4 48. Qd1 Rxg2 49. d5 Bxd5 50. Rb7+ Be7 51. Ne4 Bxe4 52. Rxe7+ Kxe7
53. h3 Rg5+ 54. Kh2 Qc7+ 55. Qd6+ Qxd6# {Hossa checkmated} 0-1

[Event "ICS rated blitz match"]
[Site "204.178.125.65"]
[Date "2000.09.15"]
[Round "?"]
[White "LaMortDHomme"]
[Black "Hossa"]
[Result "0-1"]
[WhiteElo "2180"]
[BlackElo "2468"]
[PlyCount "50"]
[EventDate "2000.??.??"]

1. d4 d5 2. Nf3 Nf6 3. e3 e6 4. Nbd2 c5 5. b3 cxd4 6. exd4 Bb4 7. Bb2 Ne4 8.
Bd3 Nc6 9. O-O Bc3 10. Bxc3 Nxc3 11. Qe1 Nb4 12. Ne5 O-O 13. Qe3 Nbxa2 14. Qh3
h6 15. Ng4 e5 16. dxe5 Qg5 17. Nf6+ gxf6 18. f4 Qg7 19. exf6 Qxf6 20. f5 Qg5
21. Rf3 Qxd2 22. Rg3+ Kh7 23. Rf1 Nc1 24. f6+ Kh8 25. Qh4 N3e2+ {
LaMortDHomme resigns} 0-1

[Event "ICS rated blitz match"]
[Site "204.178.125.65"]
[Date "2000.09.15"]
[Round "?"]
[White "Hossa"]
[Black "LaMortDHomme"]
[Result "1-0"]
[WhiteElo "2473"]
[BlackElo "2175"]
[PlyCount "89"]
[EventDate "2000.??.??"]

1. e4 e6 2. d4 d5 3. Nc3 Bb4 4. e5 c5 5. a3 Bxc3+ 6. bxc3 Qa5 7. Bd2 Qa4 8. Nf3
c4 9. Be2 Nc6 10. O-O Bd7 11. Qc1 O-O-O 12. Qb2 h6 13. Rab1 b6 14. Be3 g5 15.
Rfe1 Nge7 16. Nd2 Rdg8 17. Bh5 Be8 18. Nf1 f5 19. exf6 Bxh5 20. fxe7 Nxe7 21.
Bc1 Bf7 22. Re5 Nc6 23. Re2 h5 24. Nd2 g4 25. Nf1 h4 26. Bf4 Kd7 27. Ne3 Rh7
28. Ree1 Rhh8 29. Rf1 Rh7 30. f3 gxf3 31. Rxf3 Bh5 32. Rh3 Bg4 33. Nxg4 Rxg4
34. Bg3 Qa6 35. Rf1 Qc8 36. Qb5 Qg8 37. Qa6 Nd8 38. Qxa7+ Ke8 39. Qa4+ Ke7 40.
Qb4+ Ke8 41. Qb5+ Ke7 42. Qxb6 hxg3 43. Rxh7+ Qxh7 44. Qc7+ Ke8 45. Qxh7 {
LaMortDHomme resigns} 1-0

[Event "ICS rated blitz match"]
[Site "204.178.125.65"]
[Date "2000.09.15"]
[Round "?"]
[White "LaMortDHomme"]
[Black "Hossa"]
[Result "1-0"]
[WhiteElo "2170"]
[BlackElo "2478"]
[PlyCount "77"]
[EventDate "2000.??.??"]

1. d4 d5 2. Nf3 Nf6 3. e3 e6 4. Bd3 c5 5. b3 Nbd7 6. O-O b6 7. Bb2 cxd4 8. exd4
Be7 9. Nbd2 O-O 10. Qe2 Bb7 11. Ne5 Qc7 12. f4 Bb4 13. Rf3 Rfd8 14. Rh3 Bxd2
15. Qxd2 Ne4 16. Qe3 f6 17. Ng4 Re8 18. Nf2 f5 19. Kh1 Re7 20. Rg1 Ndf6 21.
Bxe4 fxe4 22. g4 Qxc2 23. g5 Ne8 24. Bc1 Qxa2 25. Ng4 Rc7 26. Nf6+ gxf6 27.
gxf6+ Kh8 28. Qg3 Nxf6 29. Qg6 Rf8 30. f5 Bc8 31. Bg5 Ne8 32. f6 Rcf7 33. Bh6
Qxh2+ 34. Rxh2 e5 35. Bg7+ Rxg7 36. fxg7+ Kg8 37. Qxh7+ Kf7 38. g8=Q+ Kf6 39.
Qgg6# {Hossa checkmated} 1-0

[Event "ICS rated blitz match"]
[Site "204.178.125.65"]
[Date "2000.09.15"]
[Round "?"]
[White "cfd"]
[Black "Hossa"]
[Result "0-1"]
[WhiteElo "2237"]
[BlackElo "2451"]
[PlyCount "82"]
[EventDate "2000.??.??"]

1. d4 d5 2. e3 Nf6 3. Bd3 c5 4. c3 Nbd7 5. f4 b6 6. Nd2 e6 7. Ngf3 Ng4 8. Qe2
cxd4 9. exd4 Be7 10. Rg1 Bb7 11. h3 Nh6 12. g4 O-O 13. Ne5 Kh8 14. Ndf3 a6 15.
Nxd7 Qxd7 16. Ne5 Qc7 17. Qc2 g6 18. Qh2 Bh4+ 19. Kd1 Bc6 20. g5 Ba4+ 21. Ke2
Nf5 22. Bxf5 exf5 23. Be3 Rfe8 24. Kd2 Qe7 25. Rg2 Rac8 26. Re2 Bb5 27. Rg2 Rc7
28. Qg1 Qe6 29. a4 Bc4 30. Ra3 a5 31. Ra1 Rce7 32. Ra3 Qc8 33. Kc1 Bd3 34. Kd2
Be4 35. Re2 Qb7 36. Ra1 b5 37. Kc1 b4 38. Qd1 bxc3 39. bxc3 Rc8 40. Bd2 Qb4 41.
Rb1 Qxb1# {cfd checkmated} 0-1

[Event "ICS rated blitz match"]
[Site "204.178.125.65"]
[Date "2000.09.15"]
[Round "?"]
[White "Hossa"]
[Black "trinity"]
[Result "1-0"]
[WhiteElo "2458"]
[BlackElo "2422"]
[PlyCount "91"]
[EventDate "2000.??.??"]

1. e4 e6 2. d4 d5 3. Nc3 Nf6 4. Bg5 Be7 5. e5 Nfd7 6. Bxe7 Qxe7 7. f4 O-O 8.
Qd2 c5 9. Nf3 Nc6 10. dxc5 Qxc5 11. O-O-O Nb6 12. Nb5 Nc4 13. Bxc4 Qxc4 14. Nc3
b5 15. Kb1 b4 16. Ne2 a5 17. Qd3 Ba6 18. Qxc4 Bxc4 19. Ned4 Rfc8 20. b3 Nxd4
21. Nxd4 Ba6 22. f5 Re8 23. fxe6 fxe6 24. Rd2 Rac8 25. h4 Rc3 26. Rf2 Re7 27.
Rf4 Rg3 28. Rg1 Re3 29. Rd1 Rf7 30. Nxe6 Rxe5 31. Rxf7 Kxf7 32. Nd8+ Kf6 33.
Nc6 Be2 34. Rd2 Re4 35. Nxa5 Ke6 36. Nc6 Bf1 37. Rd4 Kd6 38. Rxe4 dxe4 39. Nxb4
Bxg2 40. c3 e3 41. Nc2 e2 42. Kc1 Be4 43. Ne1 Bg6 44. Kd2 Bb1 45. a3 Ba2 46.
Kc2 {trinity resigns} 1-0

[Event "ICS rated blitz match"]
[Site "204.178.125.65"]
[Date "2000.09.15"]
[Round "?"]
[White "LaMortDHomme"]
[Black "Hossa"]
[Result "0-1"]
[WhiteElo "2228"]
[BlackElo "2472"]
[PlyCount "96"]
[EventDate "2000.??.??"]

1. d4 d5 2. Nf3 Nf6 3. e3 e6 4. Bd3 c5 5. b3 Nc6 6. a3 cxd4 7. exd4 Bd6 8. Bb2
O-O 9. Nbd2 b6 10. O-O Bb7 11. Qe2 Nh5 12. g3 Nf6 13. Ne5 Qc7 14. f4 a5 15. g4
Ra7 16. g5 Ne8 17. Rf3 g6 18. Raf1 a4 19. b4 Ra8 20. Rh3 Ne7 21. Qg4 Nf5 22.
Bxf5 exf5 23. Qh4 f6 24. gxf6 Nxf6 25. Ndf3 Qxc2 26. Rf2 Qb1+ 27. Kg2 Bc8 28.
Ng5 Nh5 29. Nxh7 Qe4+ 30. Kg1 Bxe5 31. dxe5 Qe1+ 32. Kg2 Kxh7 33. Qe7+ Kg8 34.
Rxh5 gxh5 35. e6 Qe4+ 36. Kh3 Qe3+ 37. Kg2 d4 38. Qg5+ Kh8 39. Qxh5+ Kg7 40.
Qg5+ Kh7 41. Qh5+ Kg8 42. Qg6+ Kh8 43. Rf3 Qe2+ 44. Rf2 Bb7+ 45. Kh3 Qe3+ 46.
Qg3 Rf6 47. Qxe3 Rh6+ 48. Kg3 Rg8# {LaMortDHomme checkmated} 0-1

[Event "ICS Rated blitz match"]
[Site "204.178.125.65"]
[Date "2000.09.15"]
[Round "?"]
[White "Valg"]
[Black "Hossa"]
[Result "1/2-1/2"]
[WhiteElo "2398"]
[BlackElo "2491"]
[PlyCount "197"]
[EventDate "2000.??.??"]

1. e4 e5 2. Nf3 Nc6 3. Bb5 a6 4. Ba4 Nf6 5. O-O Be7 6. Re1 b5 7. Bb3 d6 8. c3
O-O 9. h3 Bb7 10. d4 Re8 11. a4 Na5 12. Bc2 exd4 13. Nxd4 c5 14. Nf5 d5 15.
exd5 Nxd5 16. Na3 b4 17. c4 g6 18. Nh6+ Kg7 19. cxd5 bxa3 20. Rxa3 Qxd5 21.
Qxd5 Bxd5 22. Rg3 Bd6 23. Nf5+ Kg8 24. Rxe8+ Rxe8 25. Nxd6 Re1+ 26. Kh2 Rxc1
27. Rc3 c4 28. Kg3 f5 29. Ne8 Bc6 30. Nc7 Bb7 31. Ne6 Rg1 32. f3 Re1 33. Nc5
Re7 34. b4 cxb3 35. Bxb3+ Kg7 36. Bc2 Bc8 37. Bd3 Ra7 38. Kf4 h6 39. h4 Kh7 40.
g4 fxg4 41. fxg4 Kg7 42. Kg3 h5 43. g5 Kf7 44. Rc2 Kg7 45. Rf2 Rc7 46. Rc2 Ra7
47. Rb2 Rc7 48. Ne4 Rc6 49. Rb8 Nc4 50. Bxc4 Rxc4 51. Nd6 Rg4+ 52. Kf2 Be6 53.
Re8 Bg8 54. Re4 Rxe4 55. Nxe4 Bd5 56. Nc5 a5 57. Ke3 Kf7 58. Kd4 Bc6 59. Ke5
Ke7 60. Nb3 Bxa4 61. Nxa5 Bb5 62. Nb3 Bc6 63. Nd4 Bb7 64. Ne6 Ba6 65. Nc5 Be2
66. Ne4 Bf3 67. Nf6 Bd1 68. Nd5+ Kf7 69. Nc7 Be2 70. Ne6 Bg4 71. Nd8+ Kg7 72.
Kf4 Bd7 73. Nb7 Bg4 74. Nd6 Kf8 75. Ne4 Ke7 76. Ke5 Bf3 77. Nc3 Kf7 78. Nb5 Ke7
79. Nd6 Bd1 80. Nc4 Be2 81. Ne3 Bf3 82. Nf1 Kf7 83. Nd2 Bg4 84. Nc4 Be6 85. Ne3
Ke7 86. Nc2 Bg4 87. Ne3 Bf3 88. Nc2 Be2 89. Nd4 Bg4 90. Nc2 Bf3 91. Ne3 Bh1 92.
Nc2 Bf3 93. Ne3 Bh1 94. Nc2 Bf3 95. Ne3 Bh1 96. Nc2 Bf3 97. Ne3 Bh1 98. Nc2 Bf3
99. Ne3 {Game drawn by repetition} 1/2-1/2

[Event "ICS rated blitz match"]
[Site "204.178.125.65"]
[Date "2000.09.15"]
[Round "?"]
[White "Hossa"]
[Black "Valg"]
[Result "1-0"]
[WhiteElo "2487"]
[BlackElo "2405"]
[PlyCount "79"]
[EventDate "2000.??.??"]

1. e4 e5 2. Nf3 d6 3. d4 exd4 4. Nxd4 Nf6 5. Nc3 Be7 6. Be2 O-O 7. O-O Re8 8.
f4 Bf8 9. Bf3 Nbd7 10. Nb3 Qe7 11. g4 Nb6 12. g5 Nfd7 13. Bg2 Nb8 14. Nd4 c5
15. Nf3 Bg4 16. b3 Nc6 17. Rf2 Rad8 18. Bb2 Rd7 19. Qd2 Rdd8 20. a4 Nb4 21. Re2
Nc6 22. a5 Bxf3 23. Bxf3 Nd4 24. Rf2 Nxf3+ 25. Rxf3 Nd7 26. Re1 Qe6 27. Nd5 Qg6
28. f5 Qh5 29. Qf4 Ne5 30. Rg3 c4 31. b4 Rd7 32. b5 a6 33. b6 Nc6 34. Bc3 Ne7
35. Nxe7+ Rdxe7 36. Kg2 d5 37. Rh3 Qxh3+ 38. Kxh3 Rxe4 39. Rxe4 Rxe4 40. Qd2 {
Valg resigns} 1-0

[Event "ICS rated blitz match"]
[Site "204.178.125.65"]
[Date "2000.09.15"]
[Round "?"]
[White "Hossa"]
[Black "egya"]
[Result "1-0"]
[WhiteElo "2499"]
[BlackElo "2118"]
[PlyCount "74"]
[EventDate "2000.??.??"]

1. e4 d6 2. d4 c6 3. Nc3 Nd7 4. Nf3 g6 5. Bd3 Bg7 6. O-O b5 7. d5 cxd5 8. Nxd5
a6 9. c3 e6 10. Nb4 Qc7 11. a4 bxa4 12. Qxa4 Ne7 13. Nxa6 Bxa6 14. Bxa6 O-O 15.
Be3 Rfb8 16. Qc2 Nc5 17. Bc4 Rxa1 18. Rxa1 Qc6 19. Nd2 Nd7 20. Ra6 Qc8 21. Rxd6
Ne5 22. Be2 h5 23. f4 Ng4 24. Bxg4 hxg4 25. Qd3 Kh7 26. Rd7 Nd5 27. Rxf7 Nxe3
28. Qxe3 Rxb2 29. Qa7 Qg8 30. Qe7 Kh8 31. Nc4 Rb1+ 32. Kf2 Rc1 33. Ne5 g3+ 34.
Kxg3 Rxc3+ 35. Kg4 g5 36. Ng6+ Kh7 37. Rf8 Kxg6 {egya resigns} 1-0

[Event "ICS rated blitz match"]
[Site "204.178.125.65"]
[Date "2000.09.15"]
[Round "?"]
[White "Krausuwe"]
[Black "Hossa"]
[Result "1-0"]
[WhiteElo "2335"]
[BlackElo "2502"]
[PlyCount "79"]
[EventDate "2000.??.??"]

1. e4 c6 2. d4 d5 3. exd5 cxd5 4. c4 Nf6 5. Nc3 g6 6. cxd5 Nxd5 7. Bc4 Nb6 8.
Bb3 Bg7 9. Nf3 Nc6 10. Be3 Na5 11. O-O Nxb3 12. Qxb3 O-O 13. d5 Bg4 14. Nd4 Rc8
15. Rac1 Bh5 16. Ndb5 a6 17. Na7 Rxc3 18. bxc3 Qxd5 19. Bxb6 Qd6 20. h3 Be2 21.
Rfe1 Bd3 22. Rcd1 Rb8 23. Ba5 e5 24. c4 Qc5 25. Bb6 Bxc4 26. Bxc5 Bxb3 27. axb3
Bh6 28. Rxe5 Bf4 29. Ree1 g5 30. g3 Bc7 31. Rd7 Ba5 32. b4 Bxb4 33. Bxb4 b6 34.
Nc6 Ra8 35. Ne7+ Kg7 36. Bc3+ f6 37. Nf5+ Kg6 38. g4 Rg8 39. Re8 Rxe8 40. Rg7#
{Hossa checkmated} 1-0

[Event "ICS rated blitz match"]
[Site "204.178.125.65"]
[Date "2000.09.15"]
[Round "?"]
[White "Hossa"]
[Black "Motoman"]
[Result "1/2-1/2"]
[WhiteElo "2479"]
[BlackElo "2018"]
[PlyCount "111"]
[EventDate "2000.??.??"]

1. e4 c5 2. Nf3 e6 3. d4 cxd4 4. Nxd4 Nf6 5. Nc3 Nc6 6. Ndb5 d6 7. Bf4 e5 8.
Bg5 a6 9. Na3 b5 10. Bxf6 gxf6 11. Nd5 f5 12. exf5 Bxf5 13. c3 Bg7 14. Nc2 O-O
15. g3 Be4 16. f3 Bxd5 17. Qxd5 Ne7 18. Qd2 d5 19. Bg2 Qb6 20. Qf2 Qxf2+ 21.
Kxf2 Rac8 22. Rhe1 d4 23. Nxd4 exd4 24. Rxe7 dxc3 25. bxc3 Rxc3 26. Rd1 Rc2+
27. Re2 Rfc8 28. f4 Rxe2+ 29. Kxe2 Rc2+ 30. Rd2 Rxd2+ 31. Kxd2 Kf8 32. Bb7 a5
33. Bc6 b4 34. Kd3 Ke7 35. Kc4 Kd6 36. Be4 h6 37. Bf3 Bc3 38. Kb5 f6 39. Bg2
Be1 40. Bh1 Bd2 41. Ba8 Be1 42. Be4 Bd2 43. f5 Be1 44. Bc2 Ke5 45. Bd3 Kd4 46.
Be2 Ke3 47. Bd1 Kf2 48. g4 Kg2 49. h4 Bd2 50. h5 Kg3 51. Ka4 Kf4 52. Kb5 Be1
53. Ka4 Bd2 54. Kb5 Be1 55. Ka4 Bd2 56. Kb5 {Game drawn by repetition} 1/2-1/2